[Event "EU-ch Rapid (Women)"]
[Site "Monaco"]
[Date "2024.01.14"]
[Round "6"]
[White "Haussernot, Cecile"]
[Black "Ciarletta, Iris"]
[Result "1/2-1/2"]
[WhiteElo "2136"]
[BlackElo "1911"]
[PlyCount "136"]
[EventDate "2024.01.13"]
[EventType "swiss (rapid)"]
[EventRounds "11"]
[EventCountry "MNC"]
[SourceTitle "CB03_2024"]
[SourceDate "2024.01.17"]
[SourceVersion "1"]
[SourceVersionDate "2024.01.17"]
[SourceQuality "1"]

1. e4 c5 2. Nc3 d6 3. Nge2 Nf6 4. d4 cxd4 5. Nxd4 a6 6. h3 e5 7. Nf3 Be6 8. Ng5 Qc7 9. Nxe6 fxe6 10. g4 Nc6 11. g5 Nd7 12. Be3 b5 13. Qg4 Nd8 14. a3 Be7 15. Qf3 Nf8 16. h4 Ng6 17. h5 Nf4 18. Qg4 0-0 19. Bd3 Rc8 20. Ne2 Qa5+ 21. Bd2 Qb6 22. Nxf4 exf4 23. Bxf4 Rc7 24. Be3 Qc6 25. f4 d5 26. Qg2 Bc5 27. Bd2 d4 28. Qg4 Bd6 29. Qh4 Nb7 30. b4 Be7 31. 0-0 Nd6 32. f5 Nc4 33. Bf4 Rcc8 34. Bg3 Ne3 35. Rf2 h6 36. Bf4 exf5 37. exf5 Nxf5 38. Qg4 Ne3 39. Qg3 hxg5 40. Bxe3 dxe3 41. Qxe3 Rxf2 42. Qxf2 Qf6 43. Re1 Qd6 44. Qe3 Kf8 45. Bg6 Rc7 46. Qf3+ Kg8 47. Rf1 Rc8 48. h6 Qd4+ 49. Rf2 Rf8 50. Bf7+ Kh8 51. c3 Qb6 52. Qf5 gxh6 53. Qe5+ Bf6 54. Qxf6+ Qxf6 55. Rxf6 Kg7 56. Rg6+ Kxf7 57. Rxh6 Rc8 58. Rxa6 Rxc3 59. Kf2 g4 60. Kg2 Ke7 61. Ra5 Kd6 62. Rxb5 Rxa3 63. Rg5 g3 64. b5 Rb3 65. Kh3 Kc7 66. Rxg3 Rxg3+ 67. Kxg3 Kb6 68. Kf3 Kxb5 1/2-1/2

[Event "Wch U14 Girls"]
[Site "Montesilvano"]
[Date "2023.11.20"]
[Round "7"]
[White "Ciarletta, Iris"]
[Black "Gaszka, Zuzanna"]
[Result "1/2-1/2"]
[WhiteElo "1882"]
[BlackElo "1758"]
[PlyCount "60"]
[EventDate "2023.11.13"]
[EventType "swiss"]
[EventRounds "11"]
[EventCountry "ITA"]
[SourceTitle "CB48_2023"]
[SourceDate "2023.11.29"]
[SourceVersion "1"]
[SourceVersionDate "2023.11.29"]
[SourceQuality "1"]

1. d4 Nf6 2. c4 e6 3. Nf3 Bb4+ 4. Bd2 Bxd2+ 5. Qxd2 0-0 6. Nc3 d6 7. e3 Nbd7 8. 0-0-0 b6 9. Qc2 Re8 10. Bd3 Bb7 11. Rhg1 a6 12. Nd2 c5 13. g4 cxd4 14. exd4 Nf8 15. h4 d5 16. Kb1 dxc4 17. Nxc4 b5 18. Ne5 Nd5 19. Nxd5 Bxd5 20. g5 Qa5 21. a3 Rec8 22. Qe2 b4 23. Qd2 Rab8 24. Rc1 Rxc1+ 25. Rxc1 bxa3 26. Qxa5 Rxb2+ 27. Ka1 Ra2+ 28. Kb1 Rb2+ 29. Ka1 Ra2+ 30. Kb1 Rb2+ 1/2-1/2

[Event "Wch U14 Girls"]
[Site "Montesilvano"]
[Date "2023.11.18"]
[Round "6"]
[White "Avetisyan, Ani"]
[Black "Ciarletta, Iris"]
[Result "0-1"]
[WhiteElo "1770"]
[BlackElo "1882"]
[PlyCount "112"]
[EventDate "2023.11.13"]
[EventType "swiss"]
[EventRounds "11"]
[EventCountry "ITA"]
[SourceTitle "CB48_2023"]
[SourceDate "2023.11.29"]
[SourceVersion "1"]
[SourceVersionDate "2023.11.29"]
[SourceQuality "1"]

1. d4 Nf6 2. c4 c5 3. d5 b5 4. cxb5 a6 5. bxa6 Bxa6 6. Nc3 d6 7. e4 Bxf1 8. Kxf1 g6 9. g3 Bg7 10. Kg2 0-0 11. Nf3 Nbd7 12. h3 Ra6 13. Re1 Qa8 14. Qe2 Rb6 15. a4 Rfb8 16. Ra3 Rb4 17. Qc2 Nb6 18. b3 c4 19. bxc4 Rxc4 20. Qd3 Rbc8 21. a5 Nbd7 22. Bd2 Ne8 23. Rb1 R4c7 24. Nb5 Rb7 25. Nfd4 Nc5 26. Qe3 Bxd4 27. Qxd4 Rcb8 28. Bc3 f6 29. Nxd6 exd6 30. Re1 Nd7 31. a6 Ra7 32. Rea1 Rb6 33. Qe3 Rbxa6 34. Qxa7 Qxa7 35. Rxa6 Qc5 36. Rc6 Qb5 37. Ra8 Kf7 38. Ra7 Ke7 39. Rc8 f5 40. Ra5 Qd3 41. exf5 Qxf5 42. Bd2 Nef6 43. Rc1 Nxd5 44. Ra7 N5f6 45. Be3 h5 46. Re1 Kf7 47. Rd1 d5 48. Rd4 g5 49. Rb7 Kg6 50. Ra4 Ne5 51. Raa7 Qe4+ 52. Kf1 Nf3 53. Rg7+ Kf5 54. Rab7 g4 55. hxg4+ hxg4 56. Ke2 Qc2+ 0-1

[Event "Wch U14 Girls"]
[Site "Montesilvano"]
[Date "2023.11.15"]
[Round "3"]
[White "Ciarletta, Iris"]
[Black "Sachi, Jain"]
[Result "1/2-1/2"]
[WhiteElo "1882"]
[BlackElo "1743"]
[PlyCount "118"]
[EventDate "2023.11.13"]
[EventType "swiss"]
[EventRounds "11"]
[EventCountry "ITA"]
[SourceTitle "CB48_2023"]
[SourceDate "2023.11.29"]
[SourceVersion "1"]
[SourceVersionDate "2023.11.29"]
[SourceQuality "1"]

1. d4 d5 2. c4 e6 3. Nc3 Be7 4. Nf3 Nf6 5. Bf4 0-0 6. h3 b6 7. e3 Bb7 8. Be2 c5 9. 0-0 Nbd7 10. Bg3 Rc8 11. cxd5 Nxd5 12. Nb5 a6 13. Nd6 Bxd6 14. Bxd6 Re8 15. Bg3 cxd4 16. Nxd4 Nc5 17. Bf3 Qe7 18. Bxd5 Bxd5 19. Nf5 exf5 20. Qxd5 Qe4 21. Rfd1 Qxd5 22. Rxd5 f6 23. Rxf5 Ne4 24. Kh2 Rc2 25. b3 Rd8 26. Rf4 Nxg3 27. Kxg3 Rdd2 28. a3 Rb2 29. b4 Ra2 30. Rc1 Rxa3 31. Rc8+ Kf7 32. Rc7+ Kf8 33. Rg4 g5 34. Rgc4 Rad3 35. Rb7 Rd7 36. Rxb6 R2d6 37. Rcc6 Rxc6 38. Rxc6 Kf7 39. Rxa6 Rb7 40. Ra4 Ke6 41. Kf3 f5 42. Ra6+ Kf7 43. Ra5 Rxb4 44. Rxf5+ Kg6 45. Rd5 Rb3 46. Rd4 h5 47. g3 Kf6 48. Ra4 Kg6 49. Ra5 Rc3 50. Ra6+ Kg7 51. h4 g4+ 52. Kf4 Rc2 53. f3 Rf2 54. Kg5 Rxf3 55. Ra7+ Kf8 56. Kxh5 Rxg3 57. Ra4 Rxe3 58. Rxg4 Re6 59. Ra4 Kg7 1/2-1/2

[Event "EU-ch U14 Girls 30th"]
[Site "Antalya"]
[Date "2022.11.13"]
[Round "8"]
[White "Ciarletta, Iris"]
[Black "Dobsa, Emma"]
[Result "1-0"]
[WhiteElo "1846"]
[BlackElo "1466"]
[PlyCount "39"]
[EventDate "2022.11.06"]
[EventType "swiss"]
[EventRounds "9"]
[EventCountry "TUR"]
[SourceTitle "EXT 2024"]
[Source "ChessBase"]
[SourceDate "2023.10.10"]
[SourceVersion "1"]
[SourceVersionDate "2023.10.10"]
[SourceQuality "1"]

1. d4 d5 2. c4 c6 3. Nc3 dxc4 4. e4 b5 5. a4 b4 6. Na2 Nf6 7. e5 Nd5 8. Bxc4 e6 9. Nf3 Be7 10. Bd2 a5 11. 0-0 0-0 12. Nc1 Nd7 13. Qc2 Ba6 14. Bxa6 Rxa6 15. Nb3 Qc7 16. Bg5 Rc8 17. Bxe7 Nxe7 18. Ng5 Ng6 19. Ne4 Ne7 20. Rfc1 1-0

[Event "EU-ch U14 Girls 30th"]
[Site "Antalya"]
[Date "2022.11.10"]
[Round "5"]
[White "Irgit, Arina B"]
[Black "Ciarletta, Iris"]
[Result "1-0"]
[WhiteElo "1557"]
[BlackElo "1846"]
[PlyCount "98"]
[EventDate "2022.11.06"]
[EventType "swiss"]
[EventRounds "9"]
[EventCountry "TUR"]
[SourceTitle "EXT 2024"]
[Source "ChessBase"]
[SourceDate "2023.10.10"]
[SourceVersion "1"]
[SourceVersionDate "2023.10.10"]
[SourceQuality "1"]

1. e4 c5 2. Nf3 d6 3. d4 cxd4 4. Nxd4 Nf6 5. Nc3 a6 6. Be2 e5 7. Nb3 Be7 8. 0-0 0-0 9. Be3 Qc7 10. a4 Nbd7 11. a5 Rd8 12. Nd5 Nxd5 13. exd5 Re8 14. c4 f5 15. Rc1 Qd8 16. Qc2 Nf6 17. Rfd1 g6 18. Bb6 Qd7 19. c5 Qa4 20. Ra1 Qh4 21. g3 Qh6 22. cxd6 Bxd6 23. Bc7 Qf8 24. Rac1 Bd7 25. Bxd6 Qxd6 26. Qc5 Qb8 27. Qb6 Qd8 28. Rc7 Bb5 29. Bxb5 axb5 30. Qxb7 Rb8 31. Rg7+ Kh8 32. Qc7 Rc8 33. Qxd8 Rexd8 34. Rb7 Ne4 35. Rxb5 Rc2 36. f3 Nd6 37. Na1 Re2 38. Rb4 Rg8 39. Ra4 Rxb2 40. Re1 e4 41. fxe4 Nxe4 42. Rc1 Rb5 43. a6 Rxd5 44. Nb3 Rd6 45. a7 Rd7 46. Rca1 Rb7 47. Nd4 Nc5 48. R4a3 Rb6 49. Rc1 Ra6 1-0

[Event "EU-ch U14 Girls 30th"]
[Site "Antalya"]
[Date "2022.11.07"]
[Round "2"]
[White "Ciarletta, Iris"]
[Black "Mullyaminova, Sofiya"]
[Result "0-1"]
[WhiteElo "1846"]
[BlackElo "1653"]
[PlyCount "78"]
[EventDate "2022.11.06"]
[EventType "swiss"]
[EventRounds "9"]
[EventCountry "TUR"]
[SourceTitle "CBM 211 Extra"]
[Source "ChessBase"]
[SourceDate "2023.01.31"]
[SourceVersion "1"]
[SourceVersionDate "2023.01.31"]
[SourceQuality "1"]

1. d4 Nf6 2. c4 g6 3. Nc3 Bg7 4. e4 0-0 5. Nge2 d6 6. Ng3 e5 7. d5 a5 8. Be2 Na6 9. h4 c6 10. h5 Rb8 11. hxg6 fxg6 12. Bh6 Qb6 13. Qd2 Nb4 14. Bxg7 Kxg7 15. 0-0-0 cxd5 16. cxd5 Bd7 17. Qg5 Rbc8 18. Kd2 Qd4+ 19. Ke1 Nc2+ 20. Kf1 Qxf2+ 21. Kxf2 Nxe4+ 22. Kg1 Nxg5 23. Rh4 Nd4 24. Bd3 Ngf3+ 25. gxf3 Nxf3+ 26. Kh1 Nxh4 27. Nce4 Bg4 28. Rb1 Rfd8 29. Ng5 h6 30. N5e4 Nf5 31. Rg1 Bf3+ 32. Kh2 Nxg3 33. Nxg3 Bg4 34. Nf5+ Bxf5 35. Bxf5 g5 36. Rg3 Rc5 37. Be4 Rf8 38. Rb3 b5 39. Kg2 Rf4 0-1

[Event "EU-ch U14 Girls 30th"]
[Site "Antalya"]
[Date "2022.11.06"]
[Round "1"]
[White "Galstyan, Maria"]
[Black "Ciarletta, Iris"]
[Result "1/2-1/2"]
[WhiteElo "1521"]
[BlackElo "1846"]
[PlyCount "45"]
[EventDate "2022.11.06"]
[EventType "swiss"]
[EventRounds "9"]
[EventCountry "TUR"]
[SourceTitle "CBM 211 Extra"]
[Source "ChessBase"]
[SourceDate "2023.01.31"]
[SourceVersion "1"]
[SourceVersionDate "2023.01.31"]
[SourceQuality "1"]

1. e4 c5 2. Nc3 d6 3. f4 Nf6 4. Nf3 a6 5. d4 cxd4 6. Nxd4 e5 7. Nf3 Nbd7 8. Bc4 Qc7 9. Qe2 Be7 10. 0-0 0-0 11. f5 b5 12. Bd5 Bb7 13. Bxb7 Qxb7 14. b4 Rac8 15. Qd3 Rc4 16. Bg5 Rfc8 17. Nd5 Nxd5 18. exd5 Bxg5 19. Nxg5 Nf6 20. Rad1 h6 21. Nh3 Rxc2 22. Nf2 R8c3 23. Ra1 1/2-1/2

[Event "Biel (Women)"]
[Site "Biel"]
[Date "2022.07.22"]
[Round "7"]
[White "Ciarletta, Iris"]
[Black "Zhuang, Yongzhe"]
[Result "0-1"]
[WhiteElo "1717"]
[BlackElo "1838"]
[PlyCount "78"]
[EventDate "2022.07.14"]
[EventType "tourn"]
[EventRounds "7"]
[EventCountry "SUI"]
[SourceTitle "EXT 2024"]
[Source "ChessBase"]
[SourceDate "2023.10.10"]
[SourceVersion "1"]
[SourceVersionDate "2023.10.10"]
[SourceQuality "1"]

1. d4 d5 2. c4 dxc4 3. e4 b5 4. a4 c6 5. axb5 cxb5 6. Nc3 a6 7. Nxb5 axb5 8. Rxa8 Bb7 9. Ra1 e6 10. Ne2 Nc6 11. Be3 f5 12. Nc3 Bb4 13. exf5 Nf6 14. fxe6 Qd5 15. Be2 Qxg2 16. Bf3 Qh3 17. Rg1 0-0 18. Rg3 Qh4 19. Bg5 Qxh2 20. Bxf6 Rxf6 21. d5 Ne5 22. Ra7 Nd3+ 23. Qxd3 cxd3 24. Rxb7 g6 25. Rxb5 Bxc3+ 26. bxc3 Rxf3 27. Rb8+ Kg7 28. Rb7+ Kh6 29. Rxf3 Qh1+ 30. Kd2 Qxf3 31. c4 Qe2+ 32. Kc3 Qc2+ 33. Kd4 d2 34. Ke5 d1Q 35. Rc7 Qxf2 36. Kd6 Qf4+ 37. Kd7 Qa4+ 38. Kc8 Qf8+ 39. Kb7 Qfa8+ 0-1

[Event "Biel (Women)"]
[Site "Biel"]
[Date "2022.07.20"]
[Round "5"]
[White "Sumarriva Paulin, Laura"]
[Black "Ciarletta, Iris"]
[Result "0-1"]
[WhiteElo "1913"]
[BlackElo "1717"]
[PlyCount "170"]
[EventDate "2022.07.14"]
[EventType "tourn"]
[EventRounds "7"]
[EventCountry "SUI"]
[SourceTitle "EXT 2024"]
[Source "ChessBase"]
[SourceDate "2023.10.10"]
[SourceVersion "1"]
[SourceVersionDate "2023.10.10"]
[SourceQuality "1"]

1. e4 c5 2. Nc3 d6 3. g3 Nc6 4. Bg2 Nf6 5. d3 e6 6. Nge2 Be7 7. 0-0 Rb8 8. h3 0-0 9. a3 a6 10. Be3 b5 11. Rb1 Bb7 12. f4 Qd7 13. g4 Ne8 14. Ng3 Nc7 15. f5 Bf6 16. g5 Bd4 17. Bxd4 Nxd4 18. f6 g6 19. Nce2 e5 20. Nxd4 cxd4 21. Kh2 Bc8 22. h4 Qg4 23. Qxg4 Bxg4 24. Bh3 Bxh3 25. Kxh3 Ne6 26. Kg4 h5+ 27. gxh6 Kh7 28. Rh1 Rbc8 29. Rbc1 Rg8 30. Kf3 Nf4 31. h5 Nxh5 32. Nxh5 gxh5 33. Rxh5 Rg6 34. Rf5 Rcg8 35. Rf1 Rg2 36. Rf2 Rg1 37. Re2 R8g6 38. Rh2 Rf1+ 39. Rf2 Re1 40. Rg2 Rf1+ 41. Rf2 Rh1 42. Rg2 Kxh6 43. Rf2 Rg5 44. Ke2 Rxf5 45. Rxf5 Rc1 46. Kd2 Rb1 47. b3 Ra1 48. a4 bxa4 49. bxa4 Rxa4 50. Kc1 Rb4 51. c3 dxc3 52. Kc2 Kg6 53. Kxc3 Rb5 54. Rf1 a5 55. Rf2 a4 56. Kc4 Rb6 57. d4 a3 58. dxe5 dxe5 59. Kd5 Rb5+ 60. Kd6 Rb2 61. Rf3 a2 62. Ra3 Kxf6 63. Kd5 Rd2+ 64. Kc4 Kg5 65. Kc3 Rh2 66. Ra4 Kf4 67. Kd3 Rh3+ 68. Kd2 Rf3 69. Ke2 Re3+ 70. Kf2 Rxe4 71. Rxa2 Re3 72. Ra4+ e4 73. Ra5 Rf3+ 74. Ke2 Rh3 75. Rb5 Rh2+ 76. Kf1 f5 77. Ra5 Rb2 78. Ke1 Kg4 79. Ra8 f4 80. Rh8 e3 81. Kf1 Kf3 82. Rh3+ Ke4 83. Rh8 Rb1+ 84. Kg2 f3+ 85. Kh2 f2 0-1

[Event "Biel Blitz (Women)"]
[Site "Biel"]
[Date "2022.07.17"]
[Round "6"]
[White "Ciarletta, Iris"]
[Black "Avilova, Yulia"]
[Result "1-0"]
[WhiteElo "1481"]
[BlackElo "1597"]
[PlyCount "165"]
[EventDate "2022.01.17"]
[EventType "tourn (blitz)"]
[EventRounds "14"]
[EventCountry "SUI"]
[SourceTitle "EXT 2024"]
[Source "ChessBase"]
[SourceDate "2023.10.10"]
[SourceVersion "1"]
[SourceVersionDate "2023.10.10"]
[SourceQuality "1"]

1. d4 d5 2. c4 e6 3. Nf3 Nf6 4. Nc3 c5 5. cxd5 exd5 6. dxc5 Bxc5 7. e3 Nc6 8. Bb5 a6 9. Bxc6+ bxc6 10. h3 0-0 11. 0-0 Bb7 12. Bd2 Qc7 13. Ne2 Rfd8 14. Qc2 Bb6 15. Bc3 Ne4 16. Be5 Qe7 17. Bh2 Rac8 18. Nc3 Nf6 19. Rfe1 c5 20. Rad1 Qf8 21. Qb3 Rc6 22. Na4 c4 23. Qc3 Ba7 24. Nd4 Rcc8 25. Qc2 Qb4 26. Nc3 Ne4 27. Nxe4 dxe4 28. Nf5 Qc5 29. Ng3 h6 30. Rxd8+ Rxd8 31. Rd1 Rd5 32. Ne2 Rd3 33. Nf4 Rxd1+ 34. Qxd1 Qc6 35. Bg3 Kh7 36. Ne2 a5 37. Nc3 a4 38. Qxa4 Qxa4 39. Nxa4 Bc6 40. Nc3 Bb6 41. Kf1 f5 42. Be5 Bd8 43. Ne2 g5 44. Nd4 Bb7 45. Nxf5 Kg6 46. Nd4 Ba6 47. Ke1 Ba5+ 48. Kd1 c3 49. bxc3 Bxc3 50. Kc2 Ba1 51. Nc6 Bxe5 52. Nxe5+ Kf5 53. Nd7 Bf1 54. g3 Bxh3 55. Nc5 Ke5 56. Kd2 Bc8 57. Nb3 Kf5 58. Nd4+ Ke5 59. a3 h5 60. Nc6+ Kd6 61. Nd4 h4 62. gxh4 gxh4 63. Ne2 h3 64. Ng3 h2 65. Nxe4+ Ke5 66. Ng3 Bb7 67. Ke2 h1Q 68. Nxh1 Bxh1 69. f3 Bg2 70. a4 Bh3 71. e4 Bd7 72. a5 Kd6 73. Ke3 Bb5 74. f4 Kc5 75. f5 Bd7 76. Kf4 Kb5 77. e5 Kxa5 78. e6 Be8 79. Ke5 Kb6 80. Kd6 Kb7 81. f6 Kc8 82. f7 Bxf7 83. exf7 1-0

[Event "Biel Blitz (Women)"]
[Site "Biel"]
[Date "2022.07.17"]
[Round "8"]
[White "Ciarletta, Iris"]
[Black "Keymer, Cecilia"]
[Result "1/2-1/2"]
[WhiteElo "1481"]
[BlackElo "1652"]
[PlyCount "169"]
[EventDate "2022.01.17"]
[EventType "tourn (blitz)"]
[EventRounds "14"]
[EventCountry "SUI"]
[SourceTitle "EXT 2024"]
[Source "ChessBase"]
[SourceDate "2023.10.10"]
[SourceVersion "1"]
[SourceVersionDate "2023.10.10"]
[SourceQuality "1"]

1. d4 d5 2. c4 c6 3. Nf3 Nf6 4. Nc3 dxc4 5. a4 Bf5 6. e3 e6 7. Bxc4 Bb4 8. 0-0 0-0 9. Qe2 Bg6 10. Bd2 Nbd7 11. Ne4 Nxe4 12. Bxb4 Re8 13. Nd2 Ndf6 14. Nxe4 Nxe4 15. Bd3 Nd6 16. Bxg6 hxg6 17. Rac1 Nf5 18. Qc2 Qb6 19. Qc5 Qxc5 20. Bxc5 Red8 21. Rc2 f6 22. Rc4 Kf7 23. Rfc1 Nd6 24. Bxd6 Rxd6 25. Rb4 Rd7 26. Rc3 e5 27. g3 exd4 28. Rxd4 Rxd4 29. exd4 Rd8 30. Rb3 Rd7 31. Kf1 Ke6 32. Ke2 Kd5 33. Rb4 a5 34. Rb3 Kc4 35. Re3 Kd5 36. b3 Rc7 37. Rd3 Ke6 38. Ke3 Rd7 39. f4 Kd5 40. Rc3 Re7+ 41. Kd3 Kd6 42. Rc5 b6 43. Rc2 Re1 44. Rf2 Rd1+ 45. Ke3 Kd5 46. Rc2 Rxd4 47. Kf3 Rd1 48. Ke3 Kd6 49. Ke2 Rd5 50. Ke3 Rc5 51. Rd2+ Rd5 52. Rc2 Kd7 53. Kf3 Rd3+ 54. Kg4 Rxb3 55. Rd2+ Ke7 56. Re2+ Kd7 57. Rd2+ Ke7 58. Re2+ Kf7 59. Rc2 c5 60. Rd2 Ke7 61. Re2+ Kd6 62. Rd2+ Kc6 63. Rd8 Rb4 64. Rc8+ Kd7 65. Rb8 c4 66. Rg8 c3 67. Rxg7+ Ke6 68. Rc7 Rb3 69. h4 b5 70. axb5 a4 71. b6 Rxb6 72. Rxc3 Ra6 73. Ra3 Kd5 74. h5 gxh5+ 75. Kxh5 Kc4 76. Kg6 Kb4 77. Ra1 a3 78. g4 Kb3 79. Rh1 a2 80. Rh3+ Kb2 81. Rh2+ Kb3 82. Rh3+ Kb2 83. Rh2+ Kb3 84. Rh3+ Kb2 85. Rh2+ 1/2-1/2

[Event "Biel Blitz (Women)"]
[Site "Biel"]
[Date "2022.07.17"]
[Round "7"]
[White "Zhuang, Yongzhe"]
[Black "Ciarletta, Iris"]
[Result "0-1"]
[WhiteElo "1681"]
[BlackElo "1481"]
[PlyCount "96"]
[EventDate "2022.01.17"]
[EventType "tourn (blitz)"]
[EventRounds "14"]
[EventCountry "SUI"]
[SourceTitle "EXT 2024"]
[Source "ChessBase"]
[SourceDate "2023.10.10"]
[SourceVersion "1"]
[SourceVersionDate "2023.10.10"]
[SourceQuality "1"]

1. e4 c5 2. c3 Nf6 3. e5 Nd5 4. d4 e6 5. Nf3 Nc6 6. Bc4 Nb6 7. Bb3 d5 8. exd6 cxd4 9. cxd4 Bxd6 10. Nc3 Be7 11. 0-0 0-0 12. Qd3 Nb4 13. Qe2 Bf6 14. a3 N4d5 15. Bd2 a6 16. Rad1 Re8 17. Rfe1 Nxc3 18. bxc3 Bd7 19. Bc2 Rc8 20. Ne5 Bxe5 21. Qxe5 Qf6 22. Qe4 g6 23. Qxb7 a5 24. Qxb6 Bc6 25. Be4 Bxe4 26. Rxe4 Qf5 27. Rde1 Rb8 28. Qc6 Rec8 29. Qa4 h5 30. Re5 Qd3 31. Qd1 Qa6 32. h3 Rb2 33. Bc1 Rb1 34. Qc2 Rcb8 35. Bf4 R1b2 36. Qe4 Ra2 37. d5 exd5 38. Re8+ Rxe8 39. Qxe8+ Kg7 40. Be5+ Kh6 41. Qh8+ Kg5 42. f4+ Kf5 43. g4+ hxg4 44. hxg4+ Kxg4 45. Qf6 Qa7+ 46. Kh1 Qf2 47. Rg1+ Kf3 48. Qh4 Qxh4# 0-1

[Event "Biel (Women)"]
[Site "Biel"]
[Date "2022.07.16"]
[Round "2"]
[White "Ciarletta, Iris"]
[Black "Keymer, Cecilia"]
[Result "1/2-1/2"]
[WhiteElo "1717"]
[BlackElo "1652"]
[PlyCount "70"]
[EventDate "2022.07.14"]
[EventType "tourn"]
[EventRounds "7"]
[EventCountry "SUI"]
[SourceTitle "EXT 2024"]
[Source "ChessBase"]
[SourceDate "2023.10.10"]
[SourceVersion "1"]
[SourceVersionDate "2023.10.10"]
[SourceQuality "1"]

1. d4 d5 2. c4 c6 3. Nf3 Nf6 4. Nc3 dxc4 5. a4 Bf5 6. e3 e6 7. Bxc4 Bb4 8. Bd2 0-0 9. 0-0 c5 10. Ne2 Bxd2 11. Nxd2 Nbd7 12. Rc1 Rc8 13. Re1 Qe7 14. Qb3 Ne4 15. Nxe4 Bxe4 16. Nc3 Bc6 17. d5 exd5 18. Bxd5 Nf6 19. Red1 Rfd8 20. Bxc6 bxc6 21. Rxd8+ Rxd8 22. Rd1 Rxd1+ 23. Qxd1 Qd7 24. Qxd7 Nxd7 25. Ne4 Kf8 26. Kf1 Ke7 27. Ke2 f5 28. Nc3 Ke6 29. f3 Ne5 30. b3 Kd6 31. h3 g6 32. Kd2 Ke6 33. Ke2 Kd6 34. Kd2 Ke6 35. Ke2 Kd6 1/2-1/2

[Event "FRA-ch U14"]
[Site "Agen"]
[Date "2022.04.18"]
[Round "3"]
[White "Ciarletta, Iris"]
[Black "Trevisiol, Antoine"]
[Result "0-1"]
[WhiteElo "1732"]
[BlackElo "2048"]
[PlyCount "90"]
[EventDate "2022.04.16"]
[EventType "swiss"]
[EventRounds "9"]
[EventCountry "FRA"]
[SourceTitle "EXT 2023"]
[Source "ChessBase"]
[SourceDate "2022.10.05"]
[SourceVersion "1"]
[SourceVersionDate "2022.10.05"]
[SourceQuality "1"]

1. d4 d5 2. c4 e6 3. Nf3 Nf6 4. Nc3 Be7 5. Bf4 0-0 6. e3 b6 7. Qc2 Bb7 8. a3 Nbd7 9. cxd5 exd5 10. Bb5 c5 11. 0-0 a6 12. Ba4 b5 13. Bb3 c4 14. Ba2 Re8 15. Bb1 Nf8 16. Ne2 Ng6 17. Ne5 Bd6 18. Nxg6 hxg6 19. Kh1 Bc8 20. Bg5 Qc7 21. Nc3 Bb7 22. h3 Ne4 23. Bh4 Re6 24. f4 Rae8 25. Rf3 Be7 26. Be1 Nd6 27. g4 Bf6 28. Bd2 Ne4 29. Nxe4 dxe4 30. Rf1 Bxd4 31. Kg1 Bc5 32. Re1 g5 33. Kf1 Rh6 34. Ba5 Qxa5 35. fxg5 Rxh3 36. b4 Rf3+ 37. Kg2 Qc7 38. Rg1 Qg3+ 39. Kh1 Qh3+ 40. Qh2 Qxh2+ 41. Kxh2 Bxe3 42. Rd1 Bf4+ 43. Kg2 e3 44. Rd7 Rf2+ 45. Kg1 Bh2# 0-1

[Event "EU-ch Online U12 Girls"]
[Site "Tornelo INT"]
[Date "2020.09.18"]
[Round "1"]
[White "Tsapaki, Asimenia"]
[Black "Ciarletta, Iris"]
[Result "1-0"]
[WhiteElo "1241"]
[BlackElo "1583"]
[PlyCount "55"]
[EventDate "2020.09.18"]
[EventType "swiss (rapid)"]
[EventRounds "9"]
[EventCountry "NET"]
[SourceTitle "EXT 2023"]
[Source "ChessBase"]
[SourceDate "2022.10.05"]
[SourceVersion "1"]
[SourceVersionDate "2022.10.05"]
[SourceQuality "1"]
[WhiteTeam "Greece"]
[BlackTeam "France"]
[WhiteTeamCountry "GRE"]
[BlackTeamCountry "FRA"]

1. c4 Nf6 2. Nf3 c5 3. Nc3 g6 4. e3 Bg7 5. d4 cxd4 6. exd4 0-0 7. Be2 d6 8. 0-0 Nc6 9. Be3 Bg4 10. h3 Bf5 11. d5 Nb4 12. Rc1 Ne4 13. g4 Nxc3 14. bxc3 Nxa2 15. gxf5 Nxc1 16. Qxc1 gxf5 17. Kh1 Kh8 18. Rg1 Rg8 19. Ng5 Rf8 20. Bh5 Qc7 21. Nxf7+ Rxf7 22. Bxf7 Qxc4 23. Bh6 Be5 24. Qg5 Qe4+ 25. Qg2 Rc8 26. f3 Qxf3 27. Qxf3 Rxc3 28. Rg8# 1-0

[Event "FRA-ch U20"]
[Site "Europe Echecs INT"]
[Date "2020.07.12"]
[Round "3"]
[White "Ciarletta, Iris"]
[Black "Baudouin, Simon"]
[Result "0-1"]
[WhiteElo "1493"]
[BlackElo "1926"]
[PlyCount "140"]
[EventDate "2020.07.12"]
[EventType "swiss (rapid)"]
[EventRounds "9"]
[EventCountry "FRA"]
[SourceTitle "EXT 2021"]
[Source "ChessBase"]
[SourceDate "2020.10.23"]
[SourceVersion "1"]
[SourceVersionDate "2020.10.23"]
[SourceQuality "1"]

1. d4 Nf6 2. c4 g6 3. Nc3 d5 4. cxd5 Nxd5 5. e4 Nxc3 6. bxc3 Bg7 7. Bc4 c5 8. Ne2 Nc6 9. d5 Na5 10. Bb5+ Bd7 11. Qa4 b6 12. Bxd7+ Qxd7 13. Qxd7+ Kxd7 14. Bd2 Nc4 15. a4 e6 16. dxe6+ fxe6 17. 0-0-0 Kc6 18. Kc2 a6 19. Kb3 b5 20. Bf4 h6 21. Rd3 g5 22. Bg3 Ne5 23. Bxe5 c4+ 24. Kb2 Bxe5 25. Rd2 Rhb8 26. Nd4+ Bxd4 27. Rxd4 Kc5 28. a5 b4 29. Rd7 bxc3+ 30. Kxc3 Rb3+ 31. Kd2 Rb2+ 32. Ke3 Rab8 33. Rd2 R8b3+ 34. Ke2 Rxd2+ 35. Kxd2 Kd4 36. Ra1 Rb2+ 37. Ke1 c3 38. Rc1 Kd3 39. Rd1+ Kxe4 40. Rc1 Kd3 41. g3 Re2+ 42. Kf1 Kd2 43. Ra1 c2 44. Ra2 Re1+ 45. Kg2 Kc3 46. Rxc2+ Kxc2 47. h3 Ra1 48. h4 Rxa5 49. hxg5 hxg5 50. Kf3 Rf5+ 51. Ke3 a5 52. f3 a4 53. f4 gxf4+ 54. gxf4 Rxf4 55. Kxf4 a3 56. Ke5 a2 57. Kxe6 a1Q 58. Kd5 Qa4 59. Ke5 Qc4 60. Kf5 Qd4 61. Ke6 Kd3 62. Kf5 Qe4+ 63. Kf6 Ke3 64. Kg5 Qf4+ 65. Kg6 Ke4 66. Kg7 Qf5 67. Kh6 Qg4 68. Kh7 Kf5 69. Kh8 Kf6 70. Kh7 Qg7# 0-1

[Event "FRA-ch U20"]
[Site "Europe Echecs INT"]
[Date "2020.07.12"]
[Round "4"]
[White "Salvador, Lucie"]
[Black "Ciarletta, Iris"]
[Result "1-0"]
[WhiteElo "1979"]
[BlackElo "1493"]
[PlyCount "69"]
[EventDate "2020.07.12"]
[EventType "swiss (rapid)"]
[EventRounds "9"]
[EventCountry "FRA"]
[SourceTitle "EXT 2021"]
[Source "ChessBase"]
[SourceDate "2020.10.23"]
[SourceVersion "1"]
[SourceVersionDate "2020.10.23"]
[SourceQuality "1"]

1. e4 c5 2. c4 g6 3. Nf3 Bg7 4. Nc3 Nc6 5. d3 d6 6. Be2 Nf6 7. 0-0 0-0 8. Bd2 Be6 9. Rb1 a6 10. a3 Rb8 11. b4 cxb4 12. axb4 b5 13. cxb5 axb5 14. d4 Bc4 15. Bxc4 bxc4 16. b5 Na7 17. Qa4 Qb6 18. Qxc4 Rfc8 19. Qd3 Ne8 20. Nd5 Qb7 21. b6 Nc6 22. Rfc1 e6 23. Ne3 Ne7 24. e5 dxe5 25. dxe5 Nc6 26. Nc4 Rd8 27. Qe3 Nxe5 28. Ncxe5 Bxe5 29. Nxe5 Nf6 30. Nc6 Ng4 31. Nxd8 Rxd8 32. Qf4 h5 33. Rc7 Qd5 34. Qxf7+ Kh8 35. Qg7# 1-0

[Event "FRA-ch Blitz Online Qual"]
[Site "Europe Echecs INT"]
[Date "2020.05.16"]
[Round "4"]
[White "Baudouin, Simon"]
[Black "Ciarletta, Iris"]
[Result "0-1"]
[WhiteElo "1926"]
[BlackElo "1493"]
[PlyCount "98"]
[EventDate "2020.05.16"]
[EventType "swiss (blitz)"]
[EventRounds "15"]
[EventCountry "FRA"]
[SourceTitle "CBM 196 Extra"]
[Source "ChessBase"]
[SourceDate "2020.07.31"]
[SourceVersion "1"]
[SourceVersionDate "2020.07.31"]
[SourceQuality "1"]

1. c4 c5 2. g3 g6 3. Bg2 Bg7 4. Nc3 Nc6 5. Nf3 Nf6 6. 0-0 0-0 7. d4 cxd4 8. Nxd4 Nxd4 9. Qxd4 d6 10. Qd3 Bf5 11. e4 Bc8 12. Be3 Ng4 13. Bd4 Ne5 14. Qe2 Be6 15. Nd5 Bxd5 16. exd5 a6 17. Rad1 Rc8 18. b3 h5 19. f4 Ng4 20. Bxg7 Kxg7 21. h3 Nf6 22. Rfe1 Re8 23. Rd3 Ng8 24. Rf3 f6 25. f5 g5 26. Re3 Nh6 27. Qxh5 Nxf5 28. Be4 Rh8 29. Qg4 Nxe3 30. Rxe3 Rb8 31. h4 Qb6 32. Kf2 Qa5 33. hxg5 Qd2+ 34. Kf3 Qd1+ 35. Re2 f5 36. Bxf5 Rbf8 37. Qe4 Rxf5+ 38. Qxf5 Rf8 39. Qxf8+ Kxf8 40. Ke3 Qg1+ 41. Kf4 Qd4+ 42. Re4 Qg7 43. Re6 Kf7 44. g6+ Kf8 45. g4 b5 46. cxb5 axb5 47. Kg5 b4 48. Re4 Qf6+ 49. Kh6 Qh4# 0-1